[Event "24. Copenhagen Open  (Politiken Cup)"]
[Site "Copenhagen"]
[Date "2002.07.18"]
[Round "4"]
[White "Grahn, Lars"]
[Black "Schmidt, Horst Hubert"]
[Result "1-0"]
[WhiteElo "2108"]
[BlackElo "1870"]
[PlyCount "207"]
[EventDate "2002.07.15"]
[EventType "swiss"]
[EventRounds "11"]
[EventCountry "DEN"]
[SourceDate "2004.01.01"]

1. d4 Nf6 2. c4 e6 3. Nc3 b6 4. e4 Bb7 5. f3 d5 6. e5 Ng8 7. cxd5 Bxd5 8. Be3
Ne7 9. Bd3 Nd7 10. Rc1 c6 11. Nge2 Ng6 12. Qa4 Be7 13. Nxd5 cxd5 14. Bb5 a6 15.
Bc6 b5 16. Qb3 Rc8 17. Bxd7+ Qxd7 18. Rxc8+ Qxc8 19. Kf2 O-O 20. Rc1 Qb7 21.
Qc2 b4 22. Qc6 Qa7 23. Qa4 a5 24. Rc6 h6 25. Qc2 a4 26. g3 h5 27. h4 Rb8 28.
Nc1 Bf8 29. Rc7 Qa6 30. Qc6 Rb6 31. Qd7 Nh8 32. Rc8 Ng6 33. Bg5 Rb7 34. Qc6 Qa7
35. Be3 Ne7 36. Rxf8+ Kxf8 37. Qd6 Qb8 38. Qa6 Qa7 39. Qd6 Ke8 40. Nd3 Qb6 41.
Nc5 Nf5 42. Qxb6 Rxb6 43. Nxa4 Ra6 44. b3 Nxe3 45. Kxe3 Ke7 46. Kd3 Ra7 47. Ke3
f6 48. f4 Kf7 49. Kf3 Kg6 50. Nc5 Kf5 51. Na4 Ra8 52. Ke3 fxe5 53. fxe5 Kg4 54.
Nc5 Re8 55. Kf2 g5 56. hxg5 Kxg5 57. Nd3 Rb8 58. Kf3 h4 59. gxh4+ Kxh4 60. Nc5
Rb6 61. Kf4 Kh5 62. Nd3 Kg6 63. Kg4 Kf7 64. Kg5 Rb8 65. Kf4 Ke7 66. Ke3 Kd8 67.
Nc5 Rb6 68. Kf4 Ke7 69. Nd3 Rb5 70. Kf3 Kd7 71. Kf4 Rb8 72. Ke3 Kc6 73. Nc5 Re8
74. Nd3 Kb5 75. Nc5 Re7 76. Kd3 Kb6 77. Ke3 Kc6 78. Nd3 Kb5 79. Nc5 Re8 80. Kd3
Kb6 81. Ke3 Ka7 82. Nd3 Rb8 83. Kf4 Rb6 84. Kg5 Kb8 85. Kf6 Kc8 86. Ke7 Kc7 87.
Nc5 Rb5 88. Nxe6+ Kc6 89. Nf4 Rb7+ 90. Ke6 Rb5 91. Nd3 Kc7 92. Ke7 Kc6 93. e6
Rb7+ 94. Kf6 Kd6 95. Ne5 Rb8 96. e7 Re8 97. Ng6 Kd7 98. Kf7 Ra8 99. Ne5+ Kd6
100. e8=Q Rxe8 101. Kxe8 Ke6 102. Nd3 Kf5 103. Nxb4 Ke4 104. Nc6 1-0

[Event "24. Copenhagen Open  (Politiken Cup)"]
[Site "Copenhagen"]
[Date "2002.07.18"]
[Round "4"]
[White "Greger, Roland Reinhard"]
[Black "Nilsson, Nils Specht"]
[Result "1-0"]
[WhiteElo "2365"]
[BlackElo "2187"]
[PlyCount "131"]
[EventDate "2002.07.15"]
[EventType "swiss"]
[EventRounds "11"]
[EventCountry "DEN"]
[SourceDate "2004.01.01"]

1. e4 d5 2. exd5 Qxd5 3. Nc3 Qd6 4. Bc4 Nf6 5. Nf3 a6 6. Qe2 e6 7. d4 Be7 8.
Bg5 b5 9. Bd3 Bb7 10. O-O-O Nbd7 11. h4 h6 12. Bxf6 gxf6 13. Be4 Qf4+ 14. Nd2
Bxe4 15. Ncxe4 c6 16. g3 Qc7 17. Qh5 Bf8 18. Rhe1 Bg7 19. g4 Rf8 20. Nb3 O-O-O
21. Rd3 Nb6 22. Qc5 Nc4 23. Nbd2 Rd5 24. Qb4 a5 25. Qb3 Nxd2 26. Rxd2 Rfd8 27.
c3 h5 28. g5 f5 29. Ng3 a4 30. Qd1 b4 31. Nxh5 bxc3 32. bxc3 Bf8 33. Qxa4 Ra5
34. Qc4 Bd6 35. Kd1 Rh8 36. g6 f4 37. g7 Raxh5 38. gxh8=Q+ Rxh8 39. Qa6+ Kd7
40. Rb2 Rb8 41. Rxb8 Qxb8 42. Kc2 Qh8 43. Rb1 Qh7+ 44. Qd3 Qxh4 45. Rb7+ Bc7
46. Qe2 Kc8 47. Ra7 Qh2 48. Qf3 Kd7 49. Ra6 Ke7 50. Rxc6 Bd6 51. c4 Qh7+ 52.
Qd3 Qh1 53. Ra6 Qe1 54. c5 Bc7 55. f3 Ba5 56. a3 Qf2+ 57. Kb3 Bd2 58. Ra7+ Kf6
59. c6 Bc1 60. c7 Qb2+ 61. Ka4 Qb6 62. c8=Q Qxa7+ 63. Kb5 Bxa3 64. Qe4 Bd6 65.
Qd8+ Qe7 66. Qh8+ 1-0

[Event "24. Copenhagen Open  (Politiken Cup)"]
[Site "Copenhagen"]
[Date "2002.07.18"]
[Round "4"]
[White "Hanley, Craig"]
[Black "Lonborg, Morten"]
[Result "1-0"]
[WhiteElo "2331"]
[BlackElo "2152"]
[PlyCount "69"]
[EventDate "2002.07.15"]
[EventType "swiss"]
[EventRounds "11"]
[EventCountry "DEN"]
[SourceDate "2004.01.01"]

1. c4 Nf6 2. g3 c5 3. Bg2 e6 4. Nf3 a6 5. d4 cxd4 6. Nxd4 Qc7 7. b3 Bb4+ 8. Bd2
Be7 9. O-O O-O 10. Nc3 d6 11. e4 Nbd7 12. Rc1 Rb8 13. g4 h6 14. f4 Nh7 15. Be3
b6 16. Rf3 Bb7 17. Rh3 Rfe8 18. Qe1 Bf6 19. Qg3 Qd8 20. Rh5 Bxd4 21. Bxd4 e5
22. fxe5 dxe5 23. Be3 Qe7 24. Nd5 Bxd5 25. exd5 Nc5 26. Rf1 f6 27. h4 Rf8 28.
b4 Nd7 29. Be4 Qxb4 30. Bf5 Nc5 31. Bxh6 gxh6 32. Rxh6 Rb7 33. g5 fxg5 34. Qxe5
Rxf5 35. Rg6+ 1-0

[Event "24. Copenhagen Open  (Politiken Cup)"]
[Site "Copenhagen"]
[Date "2002.07.18"]
[Round "4"]
[White "Hansen, Morten Lyck"]
[Black "Petkovic, Peter"]
[Result "0-1"]
[WhiteElo "1854"]
[BlackElo "2151"]
[PlyCount "56"]
[EventDate "2002.07.15"]
[EventType "swiss"]
[EventRounds "11"]
[EventCountry "DEN"]
[SourceDate "2004.01.01"]

1. e4 c5 2. Nf3 d6 3. d4 cxd4 4. Nxd4 Nf6 5. Nc3 g6 6. Be3 Bg7 7. f3 Nc6 8. Bc4
O-O 9. Qd2 Bd7 10. O-O-O Rc8 11. Bb3 Ne5 12. h4 Nc4 13. Bxc4 Rxc4 14. h5 Qc7
15. hxg6 fxg6 16. g4 Rc8 17. g5 Nh5 18. Nd5 Qd8 19. Rxh5 gxh5 20. Qh2 Bxd4 21.
Bxd4 Rxc2+ 22. Qxc2 Rxc2+ 23. Kxc2 h4 24. Bxa7 Qa5 25. Bd4 Qxa2 26. Nc3 Qf7 27.
Nd5 Qxf3 28. Bc3 Ba4+ 0-1

[Event "24. Copenhagen Open  (Politiken Cup)"]
[Site "Copenhagen"]
[Date "2002.07.18"]
[Round "4"]
[White "Hansen, Poul Elgaard"]
[Black "Lauritsen, Martin Lee"]
[Result "1-0"]
[WhiteElo "2003"]
[BlackElo "1517"]
[PlyCount "63"]
[EventDate "2002.07.15"]
[EventType "swiss"]
[EventRounds "11"]
[EventCountry "DEN"]
[SourceDate "2004.01.01"]

1. d4 Nf6 2. c4 e6 3. Nf3 b6 4. g3 Bb7 5. Bg2 Be7 6. Nc3 d6 7. O-O Nbd7 8. Bf4
O-O 9. Qb3 d5 10. c5 c6 11. Ne5 Qc8 12. Nxd7 Nxd7 13. cxb6 axb6 14. e4 dxe4 15.
Nxe4 Ba6 16. Rfc1 Qb7 17. Rxc6 Kh8 18. Rc7 Qd5 19. Qxd5 exd5 20. Rxd7 dxe4 21.
Rxe7 Rac8 22. Bxe4 Bc4 23. d5 h5 24. d6 Be6 25. d7 Rcd8 26. Bc6 Bxd7 27. Rxd7
Rc8 28. Be4 Rfe8 29. f3 f6 30. Rad1 b5 31. Bc7 Rg8 32. Bb7 1-0

[Event "24. Copenhagen Open  (Politiken Cup)"]
[Site "Copenhagen"]
[Date "2002.07.18"]
[Round "4"]
[White "Hau, Helge"]
[Black "Christensen, Janus"]
[Result "0-1"]
[WhiteElo "1503"]
[BlackElo "1961"]
[PlyCount "74"]
[EventDate "2002.07.15"]
[EventType "swiss"]
[EventRounds "11"]
[EventCountry "DEN"]
[SourceDate "2004.01.01"]

1. f4 d5 2. Nf3 c5 3. e3 a6 4. b3 Bf5 5. Bb2 Nc6 6. Ne5 Qc7 7. d3 e6 8. Nd2 f6
9. Nxc6 Qxc6 10. g4 Bg6 11. Bg2 Bd6 12. Qe2 Ne7 13. c4 O-O-O 14. Rc1 Qb6 15. h4
h5 16. e4 Bxf4 17. exd5 Bg3+ 18. Kd1 hxg4 19. Ne4 Bf4 20. d6 Nf5 21. Rc2 Ne3+
22. Ke1 Bxe4 23. Bxe4 Nxc2+ 24. Qxc2 f5 25. Bg2 Qxd6 26. Bxg7 Rxh4 27. Qe2 Bg3+
28. Kd1 Rxh1+ 29. Bxh1 Qxd3+ 30. Qxd3 Rxd3+ 31. Ke2 Rd7 32. Bf8 Bd6 33. Bxd6
Rxd6 34. Ke3 Rd4 35. a3 f4+ 36. Ke2 f3+ 37. Ke3 Rd1 0-1

[Event "24. Copenhagen Open  (Politiken Cup)"]
[Site "Copenhagen"]
[Date "2002.07.18"]
[Round "4"]
[White "Hein, Jacob"]
[Black "Madsen, Simon Rise"]
[Result "1-0"]
[WhiteElo "1305"]
[BlackElo "1202"]
[PlyCount "53"]
[EventDate "2002.07.15"]
[EventType "swiss"]
[EventRounds "11"]
[EventCountry "DEN"]
[SourceDate "2004.01.01"]

1. d4 d5 2. c4 e6 3. cxd5 exd5 4. g3 Nc6 5. Bg2 Nf6 6. Nc3 Bf5 7. Bg5 Be7 8. e3
Nb4 9. e4 Nxe4 10. Bxe7 Qxe7 11. Nxe4 c6 12. Qe2 dxe4 13. Nh3 Nd3+ 14. Kf1 Qf6
15. Bxe4 Bxh3+ 16. Bg2+ Kf8 17. Qxd3 Bf5 18. Qc3 Qd6 19. Rd1 Rc8 20. h4 f6 21.
Bf3 Kf7 22. Qb3+ Be6 23. d5 cxd5 24. Bxd5 Bxd5 25. Rxd5 Qa6+ 26. Rb5+ Kg6 27.
h5+ 1-0

[Event "24. Copenhagen Open  (Politiken Cup)"]
[Site "Copenhagen"]
[Date "2002.07.18"]
[Round "4"]
[White "Hesselberg, Leif"]
[Black "Christensen, Christoffer"]
[Result "1-0"]
[WhiteElo "1825"]
[BlackElo "1464"]
[PlyCount "103"]
[EventDate "2002.07.15"]
[EventType "swiss"]
[EventRounds "11"]
[EventCountry "DEN"]
[SourceDate "2004.01.01"]

1. d4 Nf6 2. c4 d6 3. Nc3 g6 4. e4 Bg7 5. Nf3 O-O 6. Be2 e5 7. O-O Nbd7 8. d5
Nc5 9. Qc2 a5 10. b3 Nh5 11. Nd2 Nf4 12. g3 Nh3+ 13. Kh1 f5 14. f3 f4 15. Re1
fxg3 16. hxg3 Qd7 17. Bf1 Bh6 18. Kg2 Nf4+ 19. gxf4 Qh3+ 20. Kf2 Qh2+ 21. Bg2
Bh3 22. Rg1 Bxf4 23. Nf1 Bg3+ 24. Nxg3 Rxf3+ 25. Kxf3 Rf8+ 26. Nf5 Bxf5 27.
exf5 Rxf5+ 28. Qxf5 gxf5 29. Be3 Qh5+ $11 30. Kf2 Nd3+ 31. Kf1 Kf7 32. Rd1 e4
33. Rxd3 exd3 34. Rh1 Qg4 35. Rxh7+ Kg8 36. Rh1 Qg3 37. Rh3 Qe5 38. Bd2 Qd4 39.
Rf3 a4 40. Rxf5 axb3 41. axb3 Qb6 42. Be4 Qxb3 43. Bxd3 c6 44. Ke2 cxd5 45.
Nxd5 Qa4 46. Bh6 Qe8+ 47. Kd2 Qd8 48. Rf8+ Qxf8 49. Bxf8 Kxf8 50. Ke3 Kf7 51.
Kd4 Ke6 52. Nb6 1-0

[Event "24. Copenhagen Open  (Politiken Cup)"]
[Site "Copenhagen"]
[Date "2002.07.18"]
[Round "4"]
[White "Hovmoller, Kristian"]
[Black "Kjartansson, Gudmundur"]
[Result "0-1"]
[WhiteElo "2248"]
[BlackElo "2105"]
[PlyCount "80"]
[EventDate "2002.07.15"]
[EventType "swiss"]
[EventRounds "11"]
[EventCountry "DEN"]
[SourceDate "2004.01.01"]

1. d4 Nf6 2. c4 g6 3. Nc3 d5 4. Nf3 Bg7 5. e3 O-O 6. Qb3 dxc4 7. Bxc4 b6 8. O-O
e6 9. Rd1 Bb7 10. Ne5 Nd5 11. f4 Nf6 12. Qc2 Qe7 13. b3 Nbd7 14. a4 Rfd8 15. a5
Nxe5 16. fxe5 Nd5 17. a6 Bc6 18. Rf1 Rac8 19. Rf2 Bh6 20. Re2 Nxc3 21. Qxc3 Be4
22. b4 Qg5 23. Bd2 c5 24. bxc5 bxc5 25. Rf1 Qh5 26. dxc5 Rxc5 27. Qb4 Rdc8 28.
Bb5 Qxe5 29. Bd7 Rd8 30. Ba4 Bd3 31. Qb7 Qc7 32. Bb4 Qxb7 33. axb7 Rc4 34. Ba5
Rb8 35. Bb5 Bxe2 36. Bxc4 Bxe3+ 37. Kh1 Bxc4 38. Re1 Bh6 39. Rb1 Bd5 40. Rc1
Bxc1 0-1

[Event "24. Copenhagen Open  (Politiken Cup)"]
[Site "Copenhagen"]
[Date "2002.07.18"]
[Round "4"]
[White "Howe, Dennis"]
[Black "Rasmussen, Bent"]
[Result "1-0"]
[WhiteElo "2052"]
[BlackElo "1658"]
[PlyCount "81"]
[EventDate "2002.07.15"]
[EventType "swiss"]
[EventRounds "11"]
[EventCountry "DEN"]
[SourceDate "2004.01.01"]

1. e4 e5 2. Nf3 Nc6 3. Bc4 Nf6 4. Nc3 Nxe4 5. Nxe4 d5 6. Bd3 dxe4 7. Bxe4 Bd6
8. O-O O-O 9. Re1 Re8 10. b3 f6 11. Bb2 Bd7 12. d4 exd4 13. Nxd4 Nxd4 14. Qxd4
Be5 15. Qd5+ Be6 16. Qxd8 Raxd8 17. Bxe5 fxe5 18. Bxb7 Bf5 19. Be4 Bxe4 20.
Rxe4 Rd2 21. Rc4 Re7 22. Re1 e4 23. h3 Kf7 24. Rexe4 Rxe4 25. Rxe4 Rxc2 26. Ra4
Rc1+ 27. Kh2 Rc2 28. Kg3 Rc3+ 29. Kf4 Ke6 30. Rxa7 Rc2 31. Ke3 Rc5 32. b4 Re5+
33. Kd3 Kd6 34. f4 Re1 35. Ra6+ Kd7 36. Ra5 Rg1 37. Rg5 g6 38. f5 Ra1 39. fxg6
hxg6 40. Rxg6 Rxa2 41. h4 1-0

[Event "24. Copenhagen Open  (Politiken Cup)"]
[Site "Copenhagen"]
[Date "2002.07.18"]
[Round "4"]
[White "Hvenekilde, Jorgen"]
[Black "Sanchez Martin, Vanessa"]
[Result "1/2-1/2"]
[WhiteElo "2296"]
[BlackElo "2123"]
[PlyCount "63"]
[EventDate "2002.07.15"]
[EventType "swiss"]
[EventRounds "11"]
[EventCountry "DEN"]
[SourceDate "2004.01.01"]

1. d4 e6 2. c4 Nf6 3. Nc3 Bb4 4. Bd2 b6 5. Nf3 Bb7 6. e3 O-O 7. a3 Bxc3 8. Bxc3
Ne4 9. Rc1 d6 10. Be2 Nd7 11. O-O f5 12. b4 Ndf6 13. Bb2 Qe8 14. Ne1 Ng5 15. f3
e5 16. d5 a5 17. Qd2 axb4 18. axb4 h6 19. Bd1 c6 20. dxc6 Qxc6 21. c5 bxc5 22.
bxc5 dxc5 23. Bxe5 Nd5 24. Bb3 Kh7 25. Nd3 Ne6 26. Rfd1 Rad8 27. Qe1 Ba6 28. e4
Ne7 29. exf5 Nxf5 30. Bxe6 Qxe6 31. Nf4 Qb3 32. Rxd8 1/2-1/2

[Event "24. Copenhagen Open  (Politiken Cup)"]
[Site "Copenhagen"]
[Date "2002.07.18"]
[Round "4"]
[White "Jenal, Juerg"]
[Black "Hansen, Alexei"]
[Result "1-0"]
[WhiteElo "2194"]
[BlackElo "1563"]
[PlyCount "45"]
[EventDate "2002.07.15"]
[EventType "swiss"]
[EventRounds "11"]
[EventCountry "DEN"]
[SourceDate "2004.01.01"]

1. e4 c5 2. Nf3 d6 3. d4 cxd4 4. Nxd4 Nf6 5. Nc3 g6 6. Bc4 Bg7 7. O-O O-O 8.
Bb3 Nc6 9. h3 Bd7 10. Be3 Rc8 11. f4 Qb6 12. Nf5 Qc7 13. Nxg7 Kxg7 14. Qd2 Kg8
15. f5 Ne5 16. Bh6 Qc5+ 17. Kh1 Rfd8 18. Qg5 b5 19. Rae1 Bc6 20. fxg6 Nxg6 21.
Rf5 Qd4 22. Rd1 Qb6 23. Rxf6 1-0

[Event "24. Copenhagen Open  (Politiken Cup)"]
[Site "Copenhagen"]
[Date "2002.07.18"]
[Round "4"]
[White "Jensen, Allan Astrup"]
[Black "Jorgensen, Orla"]
[Result "1-0"]
[WhiteElo "2205"]
[BlackElo "1420"]
[PlyCount "43"]
[EventDate "2002.07.15"]
[EventType "swiss"]
[EventRounds "11"]
[EventCountry "DEN"]
[SourceDate "2004.01.01"]

1. e4 g6 2. d4 Bg7 3. Bc4 d6 4. Nf3 Bg4 5. Bxf7+ Kf8 6. Bb3 Nd7 7. h3 Bxf3 8.
Qxf3+ Ngf6 9. g4 h6 10. h4 e5 11. g5 hxg5 12. hxg5 Rxh1+ 13. Qxh1 Nh5 14. Qf3+
Bf6 15. gxf6 Ndxf6 16. Bh6+ Ke7 17. dxe5 dxe5 18. Nc3 Qh8 19. Bg5 Rf8 20. O-O-O
Ke8 21. Qd3 Ke7 22. Qd7# 1-0

[Event "24. Copenhagen Open  (Politiken Cup)"]
[Site "Copenhagen"]
[Date "2002.07.18"]
[Round "4"]
[White "Jessen, Simon Pind"]
[Black "Moller, Arne"]
[Result "1-0"]
[WhiteElo "2074"]
[BlackElo "1808"]
[PlyCount "93"]
[EventDate "2002.07.15"]
[EventType "swiss"]
[EventRounds "11"]
[EventCountry "DEN"]
[SourceDate "2004.01.01"]

1. d4 Nf6 2. c4 e6 3. Nc3 Bb4 4. Qc2 c5 5. Nf3 Nc6 6. e3 d5 7. cxd5 Nxd5 8. Bb5
O-O 9. Bxc6 bxc6 10. O-O cxd4 11. Nxd4 Bb7 12. Ne4 Qb6 13. Nb3 c5 14. a3 c4 15.
Ng5 g6 16. axb4 cxb3 17. Qxb3 h6 18. Nf3 Rac8 19. e4 Nf6 20. Bxh6 Rfd8 21. Be3
Qb5 22. Bg5 Rd3 23. Qa4 Qxa4 24. Rxa4 Nxe4 25. Rxa7 Bd5 26. Be3 Rb3 27. Ne5
Rxb2 28. Rxf7 Rxb4 29. f3 Nc3 30. Rf6 Ne2+ 31. Kh1 Rh4 32. Rxg6+ Kh7 33. Ra1
Rc7 34. Rg5 Rb7 35. h3 Rg7 36. Rxg7+ Kxg7 37. Ra7+ Kf6 38. Ng4+ Kg6 39. Rc7
Ng3+ 40. Kg1 Nf5 41. Bd2 Nd4 42. Kf2 Rh5 43. Bc3 Nxf3 44. Rg7+ Kf5 45. gxf3
Rxh3 46. Ne3+ Kf4 47. Rg4# 1-0

[Event "24. Copenhagen Open  (Politiken Cup)"]
[Site "Copenhagen"]
[Date "2002.07.18"]
[Round "4"]
[White "Kaaber Hansen, Jacob"]
[Black "Hansen, Torbjorn Ringdal"]
[Result "0-1"]
[WhiteElo "2079"]
[BlackElo "2280"]
[PlyCount "84"]
[EventDate "2002.07.15"]
[EventType "swiss"]
[EventRounds "11"]
[EventCountry "DEN"]
[SourceDate "2004.01.01"]

1. e4 e5 2. Nf3 Nf6 3. Nxe5 d6 4. Nf3 Nxe4 5. Qe2 Qe7 6. h3 d5 7. d4 Nc6 8.
Nbd2 Bf5 9. c3 O-O-O 10. Nb3 Qd7 11. Be3 Bd6 12. Nh4 Be6 13. O-O-O f5 14. Kb1
f4 15. Bc1 g5 16. Nf3 Bf5 17. Ka1 Rhe8 18. Qc2 Ng3 19. Bd3 Bxd3 20. Qxd3 Nxh1
21. Rxh1 h6 22. c4 Nb4 23. Qc3 dxc4 24. Qxc4 Qe6 25. Qc3 Qe2 26. a3 Nd3 27. Qa5
Nxf2 28. Re1 Qc2 29. Rxe8 Rxe8 30. Qd5 Qe4 31. Qa5 a6 32. Bd2 Qc2 33. Ka2 Nd1
34. Bc1 Re3 35. Nfd2 Nc3+ 36. Ka1 Ne2 37. Qd5 Nxc1 38. Na5 Ne2 39. Ndc4 Qc1+
40. Ka2 Nc3+ 41. bxc3 Re2+ 42. Kb3 Qd1# 0-1

[Event "24. Copenhagen Open  (Politiken Cup)"]
[Site "Copenhagen"]
[Date "2002.07.18"]
[Round "4"]
[White "Kongsted, Halfdan Christian"]
[Black "Robertsen, Thomas"]
[Result "1-0"]
[WhiteElo "2224"]
[BlackElo "2022"]
[PlyCount "111"]
[EventDate "2002.07.15"]
[EventType "swiss"]
[EventRounds "11"]
[EventCountry "DEN"]
[SourceDate "2004.01.01"]

1. d4 Nf6 2. Nf3 e6 3. e3 b6 4. Bd3 Bb7 5. b3 Ne4 6. Bb2 f5 7. a3 Be7 8. c4 O-O
9. Nbd2 d6 10. Qc2 Nxd2 11. Nxd2 Nd7 12. e4 Bf6 13. O-O-O e5 14. d5 f4 15. Rhg1
a5 16. b4 axb4 17. axb4 Bc8 18. f3 Nb8 19. Nb3 Qe8 20. Kd2 Qh5 21. h3 Bh4 22.
Kc1 Nd7 23. Bc3 Nf6 24. Kb2 Bd7 25. Ra1 Rxa1 26. Rxa1 Bxh3 27. Ra7 Bd7 28. Rxc7
Qe8 29. Rb7 Qd8 30. c5 bxc5 31. bxc5 dxc5 32. Bxe5 Ba4 33. Qxc5 Nd7 34. Qa7 Bf6
35. Bxf6 Qxf6+ 36. Qd4 Ne5 37. Be2 Bxb3 38. Kxb3 Qd6 39. Qb6 Rd8 40. Qxd6 Rxd6
41. Kc3 Rg6 42. Kd4 Rg5 43. Bb5 Kf8 44. d6 h5 45. Ba4 h4 46. Re7 h3 47. gxh3
Nxf3+ 48. Kc3 Ne5 49. Re8+ Kf7 50. d7 Nxd7 51. Bxd7 Rg3+ 52. Kd4 Rg2 53. Kd3
Rb2 54. Re5 g6 55. Bg4 Kf6 56. Rc5 1-0

[Event "24. Copenhagen Open  (Politiken Cup)"]
[Site "Copenhagen"]
[Date "2002.07.18"]
[Round "4"]
[White "Korolev, Nikolaj"]
[Black "Brondum, Eric"]
[Result "1/2-1/2"]
[WhiteElo "1964"]
[BlackElo "2219"]
[PlyCount "34"]
[EventDate "2002.07.15"]
[EventType "swiss"]
[EventRounds "11"]
[EventCountry "DEN"]
[SourceDate "2004.01.01"]

1. e4 d6 2. d4 g6 3. Nc3 c6 4. Be3 Bg7 5. Qd2 b5 6. Bd3 Bb7 7. O-O-O Nd7 8. h4
a6 9. h5 Qc7 10. Nh3 c5 11. dxc5 Nxc5 12. Nf4 Nxd3+ 13. Qxd3 Bxc3 14. bxc3 Nf6
15. hxg6 Bxe4 16. Qd4 O-O-O 17. g7 Rhg8 1/2-1/2

[Event "24. Copenhagen Open  (Politiken Cup)"]
[Site "Copenhagen"]
[Date "2002.07.18"]
[Round "4"]
[White "Li, Mike"]
[Black "Bogdanov, Dimitri"]
[Result "0-1"]
[WhiteElo "1475"]
[BlackElo "2096"]
[PlyCount "60"]
[EventDate "2002.07.15"]
[EventType "swiss"]
[EventRounds "11"]
[EventCountry "DEN"]
[SourceDate "2004.01.01"]

1. d4 g6 2. c4 Bg7 3. Nc3 d6 4. e4 Nc6 5. Be3 e5 6. d5 Nce7 7. Bd3 f5 8. f3 Nf6
9. Nge2 c6 10. Qd2 O-O 11. Nc1 fxe4 12. fxe4 cxd5 13. cxd5 Ng4 14. Be2 Nxe3 15.
Qxe3 Kh8 16. g4 Ng8 17. g5 Bd7 18. Nd3 b5 19. b4 a5 20. Rc1 axb4 21. Nxb4 Ra3
22. Nc2 Rxc3 23. Qxc3 Qxg5 24. Kd1 Bh6 25. Rb1 Qg2 26. Re1 Qxe4 27. Bxb5 Bg4+
28. Be2 Qxd5+ 29. Nd4 exd4 30. Qd3 Bf5 0-1

[Event "24. Copenhagen Open  (Politiken Cup)"]
[Site "Copenhagen"]
[Date "2002.07.18"]
[Round "4"]
[White "Lie, Terje"]
[Black "Moller, Frederik Oest"]
[Result "0-1"]
[WhiteElo "1913"]
[BlackElo "1479"]
[PlyCount "138"]
[EventDate "2002.07.15"]
[EventType "swiss"]
[EventRounds "11"]
[EventCountry "DEN"]
[SourceDate "2004.01.01"]

1. d4 d5 2. c4 e6 3. Nc3 Nf6 4. e3 b6 5. cxd5 exd5 6. Bd3 Be6 7. Nf3 Nbd7 8.
O-O Be7 9. Qc2 c5 10. Bb5 cxd4 11. Nxd4 O-O 12. Nc6 Qe8 13. Rd1 a6 14. Nxe7+
Qxe7 15. Bd3 Nc5 16. Be2 Rfc8 17. Bf3 Nce4 18. Qd3 Nxc3 19. bxc3 Qc5 20. Bb2
Qc4 21. Qd4 Qxd4 22. exd4 Rc7 23. Rac1 Rac8 24. Rd2 Rc4 25. Be2 R4c7 26. Ba1 b5
27. a3 Nd7 28. Bd3 Nb6 29. Rdc2 h6 $11 30. h3 Kf8 31. Rb1 Na4 32. Rbc1 Ke7 33.
g4 Kf6 34. Kg2 Kg5 35. Kg3 f5 36. h4+ Kf6 37. f3 g6 $11 38. c4 bxc4 39. Bxc4
Rxc4 40. Rxc4 Rxc4 41. Rxc4 dxc4 42. d5+ Ke7 43. dxe6 c3 44. h5 gxh5 45. Bxc3
Nxc3 46. gxf5 Nd5 47. Kh4 Ne3 48. Kxh5 $11 Nxf5 49. Kg4 Kxe6 50. Kf4 Kf6 51.
Kg4 Kg6 52. f4 h5+ 53. Kh3 h4 54. Kg4 h3 55. Kxh3 Kh5 56. Kg2 Kg4 57. Kf1 Kxf4
58. Ke2 Ke4 59. Kd2 Kd4 60. Kc2 Kc4 61. Kb2 a5 62. Kc2 a4 63. Kb2 Nd4 64. Ka2
Kc3 65. Kb1 Kb3 66. Ka1 Nc2+ 67. Kb1 Nxa3+ 68. Ka1 Nc2+ 69. Kb1 a3 0-1

[Event "24. Copenhagen Open  (Politiken Cup)"]
[Site "Copenhagen"]
[Date "2002.07.18"]
[Round "4"]
[White "Manley, Christian"]
[Black "Wilsbeck, Jan Borge"]
[Result "0-1"]
[WhiteElo "1469"]
[BlackElo "1825"]
[PlyCount "92"]
[EventDate "2002.07.15"]
[EventType "swiss"]
[EventRounds "11"]
[EventCountry "DEN"]
[SourceDate "2004.01.01"]

1. d4 Nf6 2. c4 c5 3. d5 b5 4. cxb5 a6 5. b6 d6 6. Nc3 Nbd7 7. e4 g6 8. Bd2 Bg7
9. Qc1 Qxb6 10. Rb1 O-O 11. f4 e6 12. e5 dxe5 13. Na4 Qd6 14. dxe6 fxe6 15. Nf3
e4 16. Ne5 Nxe5 17. fxe5 Qxe5 18. Nxc5 Nd5 19. Be3 Nxe3 20. Qxe3 Rf5 21. b4 a5
22. a3 axb4 23. axb4 Ra1 24. Rd1 Rxd1+ 25. Kxd1 Qa1+ 26. Qc1 Rd5+ 27. Bd3 exd3
28. Qxa1 Bxa1 29. Kd2 Bg7 30. Re1 e5 31. h3 Bh6+ 32. Kc3 d2 33. Rd1 Bf5 34. g4
Bb1 35. h4 Be3 36. Na4 Be4 37. h5 Bf3 38. Nb6 Bxb6 39. hxg6 Bxd1 40. b5 Bf3 41.
gxh7+ Kxh7 42. g5 d1=Q 43. g6+ Kxg6 44. Kb4 Rd4+ 45. Ka3 Ra4+ 46. Kb2 Bd4# 0-1

[Event "24. Copenhagen Open  (Politiken Cup)"]
[Site "Copenhagen"]
[Date "2002.07.18"]
[Round "4"]
[White "Matamoros Franco, Carlos S"]
[Black "Rohrmueller, Ulrich"]
[Result "1/2-1/2"]
[WhiteElo "2473"]
[BlackElo "2257"]
[PlyCount "65"]
[EventDate "2002.07.15"]
[EventType "swiss"]
[EventRounds "11"]
[EventCountry "DEN"]
[SourceDate "2004.01.01"]

1. c4 e6 2. Nf3 Nf6 3. g3 d5 4. b3 a5 5. Nc3 d4 6. Nb5 Nc6 7. Bg2 e5 8. O-O Be7
9. e3 O-O 10. Bb2 Bc5 11. Re1 Bg4 12. h3 Bh5 13. g4 Bg6 14. exd4 exd4 15. Ne5
Nxe5 16. Rxe5 Nd7 17. Re1 c6 18. Nxd4 Qb6 19. Nf5 Bxf2+ 20. Kh1 Bxf5 21. gxf5
Bxe1 22. Qxe1 Rae8 23. Qg3 f6 24. Rg1 Rf7 25. Bf3 Rc8 26. Bh5 Re7 27. Ba3 c5
28. Bf3 Qc7 29. Bd5+ Kh8 30. Be6 Qc6+ 31. Bd5 Qc7 32. Be6 Qc6+ 33. Bd5 1/2-1/2

[Event "24. Copenhagen Open  (Politiken Cup)"]
[Site "Copenhagen"]
[Date "2002.07.18"]
[Round "4"]
[White "Mathiesen, Erik"]
[Black "Nielsen, Palle"]
[Result "0-1"]
[WhiteElo "1958"]
[BlackElo "1473"]
[PlyCount "70"]
[EventDate "2002.07.15"]
[EventType "swiss"]
[EventRounds "11"]
[EventCountry "DEN"]
[SourceDate "2004.01.01"]

1. e4 c5 2. Nc3 e6 3. f4 d6 4. Nf3 Nc6 5. d3 a6 6. Ne2 Nge7 7. c3 b5 8. Be3 Bb7
9. Ng3 g6 10. Be2 Bg7 11. O-O Rc8 12. f5 exf5 13. exf5 Nd5 14. Bd2 Rc7 15. Ng5
h6 16. N5e4 O-O 17. Kh1 Ne5 18. c4 Nb6 19. f6 Bh8 20. Bxh6 Re8 21. cxb5 axb5
22. d4 Bxe4 23. Nxe4 Nc6 24. dxc5 dxc5 25. Qxd8 Nxd8 26. Bf3 Ne6 27. Nd6 Rd8
28. Nxb5 Rcd7 29. Bg4 Re8 30. Bxe6 Rxe6 31. h4 Bxf6 32. Rad1 Rxd1 33. Rxd1 Bxh4
34. Kh2 Bf6 35. b3 g5 0-1

[Event "24. Copenhagen Open  (Politiken Cup)"]
[Site "Copenhagen"]
[Date "2002.07.18"]
[Round "4"]
[White "McShane, Rod"]
[Black "Helin, Mikael"]
[Result "0-1"]
[WhiteElo "1500"]
[BlackElo "2016"]
[PlyCount "26"]
[EventDate "2002.07.15"]
[EventType "swiss"]
[EventRounds "11"]
[EventCountry "DEN"]
[SourceDate "2004.01.01"]

1. e4 c5 2. Nf3 a6 3. d4 cxd4 4. Nxd4 Qc7 5. Nc3 e6 6. Bd2 Nf6 7. Bd3 Be7 8.
O-O h5 9. f4 Bc5 10. Nce2 e5 11. fxe5 Qxe5 12. Bc3 Ng4 13. h3 Qh2# 0-1

[Event "24. Copenhagen Open  (Politiken Cup)"]
[Site "Copenhagen"]
[Date "2002.07.18"]
[Round "4"]
[White "Moen, Andreas"]
[Black "Vovk, Oksana"]
[Result "1-0"]
[WhiteElo "2278"]
[BlackElo "2077"]
[PlyCount "49"]
[EventDate "2002.07.15"]
[EventType "swiss"]
[EventRounds "11"]
[EventCountry "DEN"]
[SourceDate "2004.01.01"]

1. d4 e6 2. c4 Nf6 3. Nc3 Bb4 4. Qc2 O-O 5. e4 d5 6. e5 Ne4 7. Bd3 f5 8. exf6
Nxf6 9. Nf3 b6 10. O-O c5 11. a3 Bxc3 12. bxc3 Nc6 13. Re1 Kh8 14. dxc5 bxc5
15. Ng5 Qd6 16. Nxh7 Ng4 17. Nxf8 Qxh2+ 18. Kf1 Qh1+ 19. Ke2 Qxg2 20. Ng6+ Kg8
21. Be3 d4 22. Be4 Qh2 23. Rh1 Nxe3 24. Rxh2 Nxc2 25. Rh8+ 1-0